| 000 | 00000nam##2200000za#4500 |
| 001 | 9.557727 |
| 003 | CaOODSP |
| 005 | 20210624172031 |
| 007 | cr ||||||||||| |
| 008 | 150406|1990||||xxc|||||o f|0| 0 eng|d |
| 040 | |aCaOODSP|beng |
| 043 | |an-cn--- |
| 086 | 1 |aNH18-22/90-225E-IN |
| 110 | 2 |aCanada Mortgage and Housing Corporation. |
| 245 | 10|aAtlantic Canada wood framing moisture survey |h[electronic resource] |
| 260 | |aOttawa - Ontario : |bCanada Mortgage and Housing Corporation |
| 300 | |a2p. (267 KB) |
| 490 | 1 |aResearch and development highlights; technical series |v90-225 |
| 590 | |a01-12|b2001-03-23 |
| 690 | 07|aConstruction materials|2gcpds |
| 690 | 07|aWood|2gcpds |
| 690 | 07|aHousing|2gcpds |
| 775 | 08|tEnquête sur la teneur en eau des charpentes en bois dans l'Atlantique canadien / |w(CaOODSP)9.607599 |
| 830 | #0|aResearch and development highlights; technical series ;|v90-225|w(CaOODSP)9.504481 |
| 856 | 40|ahttp://publications.gc.ca|qPDF|s267 KB|uhttps://publications.gc.ca/collections/Collection/NH18-22-90-225E.pdf|y90-225 |